=LDR 00000nam 2200000 4500 =001 INLIS000000000022111 =005 20200326073222 =035 ##$$a 0010-061300000022111 =008 200326################g##########0#ind## =041 ##$$a Ind =082 ##$$a 297.3 =090 ##$$a 2x3.55, Baz d =245 1#$$a Dosa-dosa yang diremehkan, penerjemah, /$c Al-Allamah, Asy-Syaikh Abdul Aziz bin Abdullah bin Baz; penerjemah, Syamsuddin TU =260 ##$$a Jakarta :$b Pustaka Al-Kaustar,$c 1995 =300 ##$$a 143 hlm, ; $c 12 x 16 cm =650 #4$$a Islam-pahala dan dosa =850 ##$$a NBPNMAT =020 ##$$a 979-592-058-8 =084 ##$$a 297.3 ALA d =100 #$$a Alamah, Abdul Aziz =250 ##$$a cet.1 =990 ##$$a 00045864 =990 ##$$a 21104742 =990 ##$$a 21104741